000 00297nam a2200133Ia 4500
100 _aVenkateswarlu/N.B
650 _aLinux
942 _cBK
245 _aIntroduction to Linux:Installation and Programming
260 _bBS Publication
_c2006
300 _a588
546 _aENGLISH
999 _c30392
_d30392